Fetch The Bolt Cutters-Album (Fiona Apple) - Statistics

General Stats
  • This quiz has been taken 49 times
  • The average score is 11 of 13
Answer Stats
Hint Answer % Correct
3. Fetch The Bolt Cutters
97%
2. Shameika
92%
11. For Her
90%
1. I Want You To Love Me
90%
7. Newspaper
87%
12. Drumset
82%
8. Ladies
82%
9. Heavy Balloon
79%
4. Under The Table
79%
10. Cosmonauts
77%
5. Relay
74%
13. On I Go
72%
6. Rack of His
62%
No matching quizzes found
Score Distribution
Percent of People with Each Score
Percentile by Number Answered
Your Score History
You have not taken this quiz